| 000 | 00672nam a2200205 a 4500 | ||
|---|---|---|---|
| 003 | PILC | ||
| 005 | 20150506130802.0 | ||
| 008 | 060404s mau 000 0 eng d | ||
| 020 | _a020541849X | ||
| 050 | 0 | 0 |
_aHM 263 _b.W54 2005 |
| 100 | 1 | _aWilcox, Dennis L. | |
| 245 | 1 | 0 |
_aPublic relations writing and media techniques / _cDennis L. Wilcox. |
| 250 | _a5th ed. | ||
| 260 |
_aBoston : _bPearson/A and B, _c2005. |
||
| 300 |
_axiv, 578 pages : _billustrations ; _c25 cm. |
||
| 500 | _aIncludes bibliographical reference, glossary and index. | ||
| 650 | 0 |
_aPublic relations _zUnited States. |
|
| 650 | 0 |
_aPublic relations _zUnited States _xAuthorship. |
|
| 942 |
_2lcc _cBK |
||
| 999 |
_c283859 _d283859 |
||